| 000 | 00431nam a22001697a 4500 | ||
|---|---|---|---|
| 003 | MPLRDC | ||
| 005 | 20220104180545.0 | ||
| 008 | 210129b ||||| |||| 00| 0 eng d | ||
| 020 | _a967-951-027-1 | ||
| 082 | _a524.947 PPSB v.1 1986 | ||
| 100 | _a不详 | ||
| 245 |
_aMATEMATIK TAMBAHAN (TULEN) SPM. JILID 1 _c |
||
| 260 |
_a _bPENERBITAN PELANGI S/B _c1986 |
||
| 300 | _b平 | ||
| 650 | _a | ||
| 942 |
_cBK _o524.947 PPSB v.1 1986 |
||
| 999 |
_c60983 _d60973 |
||